| 000 | 00000cam 2200000zi 4500 |
| 001 | 9.955441 |
| 003 | CaOODSP |
| 005 | 20260604154628 |
| 006 | m o d f |
| 007 | cr bn||||||||| |
| 008 | 250917e20250721onc ob f000 0 fre d |
| 020 | |a9780660790152 |
| 040 | |aCaOODSP|bfre|erda|cCaOODSP |
| 043 | |an-cn--- |
| 086 | 1 |aBT66-100/2025F-PDF |
| 245 | 00|aGuide d'évaluation des estimations de coûts. |
| 264 | 1|aOttawa, Ontario : |bSecrétariat du Conseil du trésor du Canada = Treasury Board of Canada Secretariat, |cle 21 juillet 2025. |
| 264 | 4|c©2025 |
| 300 | |a1 ressource en ligne (21 pages) |
| 336 | |atexte|btxt|2rdacontent/fre |
| 337 | |ainformatique|bc|2rdamedia/fre |
| 338 | |aressource en ligne|bcr|2rdacarrier/fre |
| 500 | |aTitre de la couverture. |
| 500 | |aPublié aussi en anglais sous le titre : Guide to assessing cost estimates. |
| 504 | |aComprend des références bibliographiques. |
| 650 | 6|aPrix|xFixation|xPolitique gouvernementale|zCanada. |
| 710 | 1 |aCanada. |bConseil du trésor, |eorganisme de publication. |
| 775 | 08|tGuide to assessing cost estimates.|w(CaOODSP)9.955440 |
| 856 | 40|qPDF|s948 Ko|uhttps://publications.gc.ca/collections/collection_2026/sct-tbs/BT66-100-2025-fra.pdf |
| 856 | 4 |qHTML|sS.O.|uhttps://www.tbs-sct.canada.ca/pol/doc-fra.aspx?id=32818 |